000 00450nam a2200193Ia 4500
003 OSt
005 20250902100339.0
008 250729s2005 xx 000 0 und d
020 _a978-8176489461
040 _cAL
041 _aeng
082 _a370 RAOH
100 _aRao V K
_9222375
245 _aAlternative education
260 _aNew Delhi
_bA P H Publishing
_c2005
300 _a207p
650 _aEducation
_9222376
942 _2ddc
_cBED
999 _c235433
_d235433